Estatísticas para Gentílicos dos municípios do estado do RJ

Clique aqui para jogar o quiz

Estatísticas Gerais

  • Esse quiz foi jogado 15 vezes
  • A pontuação média é 58 de 92

Estatísticas das Respostas

Quem nasce emÉ% Correto
Duque de CaxiasCaxiense
100%
Rio de JaneiroCarioca
100%
MacaéMacaense
86%
Rio das FloresRioflorense
86%
CarmoCarmense
86%
JaperiJaperiense
86%
Nova FriburgoFriburguense
86%
ResendeResendense
86%
Rio BonitoRio-Bonitense
86%
Rio ClaroRio-Clarense
86%
Rio das OstrasRio Ostrense
86%
ParacambiParacambiense
86%
NiteróiNiteroiense
86%
MesquitaMesquitense
86%
São GonçaloGonçalense
86%
ItaguaíItaguaiense
86%
PiraíPiraiense
86%
Nova IguaçuIguaçuano
71%
MaricáMaricaense
71%
MagéMageense
71%
MacucoMacuquense
71%
Angra dos Reis Angrense
71%
ParatyParatiense
71%
PetrópolisPetropolitano
71%
PorciúnculaPorciunculense
71%
QueimadosQueimadense
71%
QuissamãQuissamaense
71%
Santo Antônio de PáduaPaduano
71%
São FidélisFidelense
71%
São João de MeritiMeritiense
71%
SapucaiaSapucaiense
71%
Trajano de MoraesTrajanense
71%
VassourasVassourense
71%
QuatisQuatiense
71%
NilópolisNilopolitano
71%
Volta RedondaVolta-Redondense
71%
GuapimirimGuapimiriense
71%
ItaocaraItaocarense
71%
Campos dos GoytacazesCampista
71%
ItalvaItalvense
71%
ItatiaiaItatiaiense
71%
ItaboraíItaboraiense
71%
CordeiroCordeirense
71%
Cabo FrioCabofriense
71%
Barra do PiraíBarrense
71%
Iguaba GrandeIguabense
71%
CantagaloCantagalense
57%
Santa Maria MadalenaMadalenense
57%
São José de UbáUbaense
57%
Cardoso MoreiraCardosense
57%
São Sebastião do AltoAltense
57%
SaquaremaSaquaremense
57%
SumidouroSumidourense
57%
TanguáTanguaense
57%
ArealArealense
57%
AraruamaAraruamense
57%
CarapebusCarapebuense
57%
Laje do MuriaéLajense
57%
CambuciCambuciense
57%
Paraíba do SulSul-Paraibano
57%
Engenheiro Paulo de FrontinFrontinense
57%
MiracemaMiracemense
57%
MendesMendense
57%
MangaratibaMangaratibano
57%
Paty do AlferesPatiense
57%
Conceição de MacabuMacabuense
57%
PinheiralPinheiralense
57%
ItaperunaItaperunense
57%
Varre-SaiVarresaiense
43%
São Pedro da AldeiaAldeiense
43%
TeresópolisTeresopolitano
43%
Miguel PereiraMiguelense
43%
SeropédicaSeropedicense
43%
Armação dos BúziosBuziano
43%
NatividadeNatividadense
43%
Porto RealPorto Realense
43%
Casimiro de AbreuCasimirense
43%
Arraial do CaboCabista
43%
Barra MansaBarra-Mansense
43%
Belford RoxoBelford-Roxense
43%
Duas BarrasBibarrense
43%
Bom JardimBonjardinense
43%
Bom Jesus do ItabapoanaBom-Jesuense
43%
Cachoeiras de MacacuCachoeirense
43%
Comendador Levy GasparianGaspariense
43%
AperibéAperibeense
43%
São José do Vale do Rio PretoRio-Pretano
29%
São João da BarraSão-Joanense
29%
São Francisco de ItabapoanaSão Franciscano
29%
Silva JardimSilva-Jardinense
29%
Três RiosTrirriense
29%
ValençaValenciano
29%

Distribuição das Pontuações

Percentil de Números Respondidos

Porcentagem de Pessoas com Cada Pontuação

Sua Pontuação Histórica

Você não jogou esse quiz